Praktická aplikácia behaviorálnych financií
Dotazníkový prieskum na Fakulte managementu UK. Na dotazníkovej akcii sa zúčastnilo 229 študentov z 2. až 5. ročníka. Ambíciou dotazníkového prieskumu bolo zistiť názory a postoje študentov na vysokej škole ekonomického zamerania k investovaniu a konfrontovať ich so získanými teoretickými poznatkam...
Na minha lista:
| Autor principal: | |
|---|---|
| Formato: | Capítulo de Livro |
| Idioma: | eslovaco |
| Assuntos: | |
| Tags: |
Sem tags, seja o primeiro a adicionar uma tag!
|
MARC
| LEADER | 00000nla$a2200000$$$4500 | ||
|---|---|---|---|
| 001 | 0046630 | ||
| 005 | 20231121080803.8 | ||
| 041 | 0 | |a slo | |
| 044 | |a SK | ||
| 245 | 1 | 0 | |a Praktická aplikácia behaviorálnych financií |c Tomáš Cár |
| 520 | |a Dotazníkový prieskum na Fakulte managementu UK. Na dotazníkovej akcii sa zúčastnilo 229 študentov z 2. až 5. ročníka. Ambíciou dotazníkového prieskumu bolo zistiť názory a postoje študentov na vysokej škole ekonomického zamerania k investovaniu a konfrontovať ich so získanými teoretickými poznatkami. Dotazník obsahoval nasledujúce okruhy otázok: - Aký je postoj mladých ľudí k investovaniu? - Koho považujú za úspešného investora? - Platia pravidlá Prospect theory aj takmer po 30 rokoch? - Existujú medzi mužským a ženským pohlavím rozdiely v názoroch a postojoch ku investovaniu, ochote riskovať alebo schopnosti priznať si prehru? | ||
| 610 | 2 | 0 | |a dotazníky |
| 610 | 2 | 0 | |a výskum ekonomický |
| 610 | 2 | 0 | |a investovanie |
| 610 | 2 | 0 | |a investori |
| 610 | 2 | 0 | |a psychológia |
| 610 | 2 | 0 | |a študenti |
| 100 | 1 | |a Cár, Tomáš | |